Folk tales and fairy stories from India / (Record no. 135433)

MARC details
000 -LEADER
fixed length control field 00579nam a22002177a 4500
005 - DATE AND TIME OF LATEST TRANSACTION
control field 20170124110245.0
010 ## - LIBRARY OF CONGRESS CONTROL NUMBER
LC control number A-435952
020 ## - INTERNATIONAL STANDARD BOOK NUMBER
Terms of availability 30.00
035 ## - SYSTEM CONTROL NUMBER
System control number A-435952
037 ## - SOURCE OF ACQUISITION
Source of stock number/acquisition Cen Lib/Ret
040 ## - CATALOGING SOURCE
Original cataloging agency DPL
Language of cataloging EN
082 ## - DEWEY DECIMAL CLASSIFICATION NUMBER
Classification number S
Item number GHO
100 ## - MAIN ENTRY--PERSONAL NAME
Personal name Ghose, S.N.
9 (RLIN) 97024
245 ## - TITLE STATEMENT
Title Folk tales and fairy stories from India /
Statement of responsibility, etc by S.N. Ghose
260 ## - PUBLICATION, DISTRIBUTION, ETC. (IMPRINT)
Place of publication, distribution, etc [s.l]
Name of publisher, distributor, etc Hindi Publications
Date of publication, distribution, etc [s.n]
270 ## - ADDRESS
City [s.l]
300 ## - PHYSICAL DESCRIPTION
Extent 138p.
Dimensions 20cm(Hb)
650 ## - SUBJECT ADDED ENTRY--TOPICAL TERM
Topical term or geographic name as entry element Literature --Stories
9 (RLIN) 97025
650 ## - SUBJECT ADDED ENTRY--TOPICAL TERM
Topical term or geographic name as entry element Folk tales and fairy stories
9 (RLIN) 97026
942 ## - ADDED ENTRY ELEMENTS (KOHA)
Source of classification or shelving scheme Dewey Decimal Classification
Koha item type English Books
Classification part S
Call number suffix GHO
Holdings
Withdrawn status Lost status Damaged status Not for loan Home library Current library Date acquired Source of acquisition Cost, normal purchase price Total Checkouts Full call number Barcode Date last seen Copy number Cost, replacement price Price effective from Koha item type Public note
Written off       Central Library Central Library 06/10/2015 Cen Lib/Ret 30.00   S GHO A-435952 06/10/2015 1 30.00 06/10/2015 English Books W/d List No. 6855/12; dtd 28/07/2020

© Delhi Public Library
Hit Counter
free hit counter